Extending families : the social networks of perents and their children

Αποθηκεύτηκε σε:
Λεπτομέρειες βιβλιογραφικής εγγραφής
Κύριος συγγραφέας: Cochran, Moncrieff
Μορφή: Βιβλίο
Γλώσσα:English
Δημοσίευση: Cambridge : Cambridge University Press, 1993
Θέματα:
Ετικέτες: Προσθήκη ετικέτας
Δεν υπάρχουν, Καταχωρήστε ετικέτα πρώτοι!

MARC

LEADER 00000nam a2200000 i 4500
001 1/95575
008 991208s1993 eng d
020 |a 0-521-44586-8 
035 |l 10055374 
040 |a GR-MY-UA  |b gre  |e aacr 
041 0 |a eng 
082 0 |a 306.87 
100 1 |a Cochran, Moncrieff. 
245 1 0 |a Extending families :  |b the social networks of perents and their children /  |c Moncrieff Cochran ... [et al.] 
260 |a Cambridge :   |b Cambridge University Press,   |c 1993 
300 |a 444 p. 
650 0 0 |a Social networks  |x Cross-cultural studies. 
650 0 0 |a Parents  |x Social networks  |x Cross-cultural studies. 
650 0 0 |a Children  |x Social networks  |x Cross-cultural studies. 
852 |a INST  |b RHODES  |e 19991208  |h 306.87 EXT  |p 005400012668  |q 005400012668  |t BK  |y 0 
901 |a BIBL4-1999-3 
909 |a Ρ  |b 069056 
922 |a 4ΕΛΗ  |b 199909  |c ΚΠΣ/154  |d GLORY BOOKS 
970 |a ΚΟΥΛΑΚΙΟΤΗ  |b ΛΙΤΣΑ  |z 1999/12/08